| 000 | 00682pab a2200157 454500 | ||
|---|---|---|---|
| 008 | 180718b2001 xxu||||| |||| 00| 0 eng d | ||
| 100 | _aGaan, Narottam | ||
| 245 | _aWater not oil: crisis of the twenty-first century | ||
| 260 | _c2001 | ||
| 300 | _ap.94-108 | ||
| 362 | _aJul-Sep | ||
| 520 | _aIn recent years, there has been a growing awareness of the link between environmental degradation and scarcity of resources, and the resultant conflict both national and international. Water, which is seen as a renewable resource, will be a major cause of conflict in the twenty-first century. - Reproduced | ||
| 650 | _aWater resources | ||
| 773 | _aWorld Affairs | ||
| 909 | _a50566 | ||
| 999 |
_c50566 _d50566 |
||